Casa Howard : solo connettere ... /

সংরক্ষণ করুন:
গ্রন্থ-পঞ্জীর বিবরন
প্রধান লেখক: Forster, E. M. (লেখক)
অন্যান্য লেখক: Woolf, Virginia
বিন্যাস: গ্রন্থ
ভাষা:ইতালিয়
প্রকাশিত: Milano : Feltrinelli, 1989
সংস্করন:3. ed. riv. e corretta
মালা:Universale economica ; 435
ট্যাগগুলো: ট্যাগ যুক্ত করুন
কোনো ট্যাগ নেই, প্রথমজন হিসাবে ট্যাগ করুন!

MARC

LEADER 00000nam a22000007i 4500
001 IT\ICCU\PAL\0045308
003 ItRI
005 20260115231857.0
008 920711s1989 it |||||| ||||| |||||c
020 |a 8807804352 
040 |b ita  |c importazione bologna sebina 
041 7 |a ita  |2 ISO-639-2 
082 |a 823.9  |9 NARRATIVA INGLESE, 1900-  |2 21 
100 1 |a Forster, E. M.  |0 IT\ICCU\CFIV\002137  |4 aut 
240 1 0 |a Howards end.  |3 IT\ICCU\CFI\0028209  |9 Forster, E. M. 
245 1 0 |a Casa Howard :  |b solo connettere ... /  |c Edward M. Forster ; prefazione di Agostino Lombardo ; con un saggio di Virginia Woolf. 
250 |a 3. ed. riv. e corretta 
260 |a Milano :  |b Feltrinelli,  |c 1989 
300 |a 317 p. ;  |c 18 cm 
500 |a Trad. dall'inglese di Luisa Chiarelli. 
700 1 |a Woolf, Virginia  |0 IT\ICCU\CFIV\016490 
790 1 |a Forster, Edward M.  |3 IT\ICCU\USMV\623572  |z Forster, E. M. 
790 1 |a Forster, Edward Morgan  |3 IT\ICCU\SBNV\006465  |z Forster, E. M. 
790 1 |a Forster, Edward  |3 IT\ICCU\UTOV\571531  |z Forster, E. M. 
790 1 |a Stephen, Adeline Virginia  |3 IT\ICCU\SBNV\060338  |z Woolf, Virginia 
790 1 |a Vulf, Virdzinija  |3 IT\ICCU\RT1V\007853  |z Woolf, Virginia 
790 1 |a Wolf, Virginia  |3 IT\ICCU\CFIV\211985  |z Woolf, Virginia 
790 1 |a Woolf, Virginia Stephen  |3 IT\ICCU\MILV\249757  |z Woolf, Virginia 
830 0 |a Universale economica ;  |v 435  |0 IT\ICCU\CFI\0001103 
942 |2 ddc  |c BK  |n 0 
952 |0 0  |1 0  |4 0  |6 DOC_823_912000000000000_FOR  |7 0  |9 15034  |a BO  |b BO  |d 2026-01-15  |i 9700  |l 0  |o DOC 823.912 FOR  |p BO9700  |r 2026-01-15 23:18:57  |w 2026-01-15  |x [Sebina 5] [1 v.]  |y BK  |z 1 v. 
999 |c 12936  |d 12936